Druhy a formy cestovného ruchu a ich uplatnenie v Dolnopovažskom regióne bakalárska práca

Saved in:
Bibliographic Details
Main Author: Mašánová, Adriana
Corporate Author: Obchodná fakulta EU. Katedra služieb a cestovného ruchu - zrušené
Other Authors: Trefil, Peter
Format: Book
Language:Slovak
Published: Bratislava 2009
Tags: Add Tag
No Tags, Be the first to tag this record!

MARC

LEADER 00000nam$a2200000$$$4500
001 0102821
005 20240318140118.7
041 0 |a slo 
044 |a SK 
245 1 0 |a Druhy a formy cestovného ruchu a ich uplatnenie v Dolnopovažskom regióne  |b bakalárska práca  |c Adriana Mašánová ; škol. Peter Trefil 
264 1 |a Bratislava  |c 2009 
300 |a 57 s. 
100 1 |a Mašánová, Adriana 
700 1 |a Trefil, Peter 
710 2 |a Obchodná fakulta EU. Katedra služieb a cestovného ruchu - zrušené